000 01319njm a22002897a 4500
005 20100914113119.0
006 a|||||r|||||00| 0
007 sd ammalaaahaa
008 100910t xxu||||| |||| 00| 0 eng d
028 _aTAE-1617
_bODEON
035 _aGR-02087
040 _aSED/VEN
100 _91184
_aMangeshkar,Lata
245 _aHeer ranjha /
_cSung by Lata Mangeshkar; Music by Maden Mohan ;Lyric by Kaifi Ajmi
_hHindi film
246 _aहीर राँझा ( लता मंगेशकर ,मदन मोहन )
260 _aDum Dum, India
_bODEON
_c1970
300 _a1 sound disc : [Gramophone Record]
_banalog, 45 rpm
_c7 in.
_fGramophone Records
500 _aBrief record.
500 _aODEON
500 _aPurpal
505 _a पार्ट १ मीलो न तुम तो ,दो दिल टूटे दो दिल हारे (Part 2 milo na tum to ,do dil toote do dil hare पार्ट २ डोली चदते हीर ने बैन किये Part 2 dddoli chadte heer ne bain kiye
_g
650 _xExcerpts
_zIndia
_919370
_aClassical music
_vFilmi song
700 _aMadan Maohan
_919754
700 _919372
_aKafi Azmi
942 _2ddc
_cGR
999 _c45616
_d45616